LEADER 01162nam a2200241 u 4500 001 000000037079 003 CaOOAMICUS 005 20070226113727.0 008 980401s1946 gw u000 u ger u 035 $a10788644 040 $aPUL(R)$bita 100 1 $aLinde, Baltasar von.$0(OLS)http://pul/name/27901 245 14$aDie Berechtigung der christlichen Kirche zum Fortschritte :$bBetrachtung ... /$cvon dem Kanzler Dr. J.Th.B. von Linde. 246 35$aBerichtigung confessionneller Missverständnuisse.$nZweites Heft 260 $aMainz :$bRupferber,$c1946. 300 $a140 p. : ;$c20 cm 650 4$aDiritto ecclesiastico comparato.$0(OLS)http://pul/subject/16862 850 $aPUL 852 $aPUL$W1$xSL Diritto Canonico 1$y5$m166 E 2(int.4)$j50730$nBK-PRI$b $qStampati$B50730$CPULBib$Z2$F50730 $H $81 941 1 $a8 996 $6245$aDie Berechtigung der christlichen Kirche zum Fortschritte :$bBetrachtung ...$9(OLS)http://pul/title/50540 996 $6246$aBerichtigung confessionneller Missverständnuisse.$nZweites Heft$9(OLS)http://pul/title/50541 996 $6260$aMainz :$bRupferber$9(OLS)http://pul/publisher/63184 LEADER 01077naa a2200229 u 4500 001 000000095561 003 CaOOAMICUS 005 20070226130143.0 008 040705s1986 it u000 u ita u 020 $a8806593412 035 $a11002977 040 $aIAR$bita 100 1 $aChittolini, Giorgio.$0(OLS)http://pul/name/10672 245 10$aStati regionali e istrituzioni ecclesiastiche nell'Italia centrosettentrionale del Quattrocento /$cGiorgio Chittolini. 260 $aTorino :$bGiulio Einaudi,$c1986. 300 $aS. 149-195, ;$c22 cm 651 4$aItalia$xStoria ecclesiastica$ySec. XV.$0(OLS)http://pul/subject/30399 773 0 $aStoria d'Italia (Giulio Einaudi ed.)$gAnnali 9. 773 0 $tStoria d'Italia. Annali. 9, La Chiesa e il potere politico dal Medioevo all'età contemporanea$w()28851 996 $6020$a8806593412$9(OLS)http://pul/number/35870 996 $6245$aStati regionali e istrituzioni ecclesiastiche nell'Italia centrosettentrionale del Quattrocento$9(OLS)http://pul/title/122438 996 $6260$aTorino :$bGiulio Einaudi$9(OLS)http://pul/publisher/54573